| 000 | 02503nam0a2200421 4500 | ||
|---|---|---|---|
| 001 | RU\NLR\BIBL_A\011355392 | ||
| 005 | 20260504062735.0 | ||
| 010 |
_a9785432700414 _91000 |
||
| 021 |
_aRU _b2017-582и _946и |
||
| 035 | _a(RuMoRGB)008826810 | ||
| 035 | _a(NLR Aleph) 011355392 | ||
| 090 |
_a11268981 _c11268981 |
||
| 100 | _a20170329d2016 u y0rusy50 ca | ||
| 101 | 0 | _arus | |
| 102 | _aRU | ||
| 105 | _aach|zzzz0|1zy | ||
| 200 | 1 |
_aРождественская открытка _eальбом-каталог _fКомитет по культуре Санкт-Петербурга, Государственный музей истории Санкт-Петербурга _g[авт.-сост.: В. А. Деянова, И. А. Карпенко _gавт. ст.: И. А. Карпенко] |
|
| 210 |
_aСанкт-Петербург _cГМИ СПб _d2016 |
||
| 215 |
_a191 с. _cил., цв. ил., портр., факс. _d26 |
||
| 225 | 1 |
_aПочтовая открытка из собрания Государственного музея истории Санкт-Петербурга _eсерия каталогов |
|
| 320 | _aБиблиогр. в подстроч. примеч. | ||
| 601 | 0 | 2 |
_aГосударственный музей истории Санкт-Петербурга _jАльбомы _xКоллекция изобразительного искусства _92474319 _3RU\NLR\AUTH\661469288 |
| 606 | 1 |
_aПочтовые открытки маркированные художественные _jАльбомы _z1900 - 1910-ые гг. _92321724 _3RU\NLR\AUTH\6601613738 |
|
| 606 | 1 |
_aРождество Христово, праздник _jАльбомы _xИзображение на почтовых открытках маркированных художественных _92321867 _3RU\NLR\AUTH\6601613806 |
|
| 610 | 0 | _aРождество | |
| 610 | 0 | _aпраздник | |
| 686 |
_aЩ158.9открытки3(0)6-399л61 _2rubbk |
||
| 686 | 1 | _aЩ101.3(2Р)-2Санкт-Петербург2Музей истории Санкт-Петербурга я61 | |
| 686 | 1 | _aЩ153(0)5-489 я61 | |
| 686 | 1 | _aЩ153(0)-3я61 | |
| 702 | 1 |
_aДеянова _bВ. А. _4220 |
|
| 712 | 0 | 2 |
_4570 _aГосударственный музей истории Санкт-Петербурга _3RU\NLR\AUTH\8810043832 _9587121 |
| 942 | _cBOOK | ||
| 980 | _aNBR | ||